LDR 00796naa#a2200181#i#450# 001 RU\\bibl\6447 005 20260418103053.6 011 ## _a2073-0462 100 ## _a20150714b2015####ek#y0rusy0150####ca 101 0# _aRUS 102 ## _aRU 200 1# _aПроблемы обеспечения продовольственной безопасности России в условиях глобализации экономики _eЖурнальная статья 210 1# _aКазань _cКазанский государственный аграрный университет _d2015 215 ## _a4 с. 608 ## _aЖурнальная статья _2local 700 #1 _aБатталова _gАлина Рустамовна 700 #1 _aКундакчян _gРезеда Мухтаровна 856 4# _azh-szf.ru _u